|
|
|
|
| LEADER |
00000naa2a2200000 4500 |
| 001 |
188614 |
| 005 |
20231031175030.0 |
| 035 |
|
|
|a (RuTPU)RU\TPU\book\204863
|
| 035 |
|
|
|a RU\TPU\tpu\96
|
| 090 |
|
|
|a 188614
|
| 100 |
|
|
|a 20101210d1959 k y0rusy50 ca
|
| 101 |
0 |
|
|a rus
|
| 102 |
|
|
|a RU
|
| 200 |
1 |
|
|a Участие рабочих Украины в коллективизации сельского хозяйства в 1929 г.
|f И. Ф. Лившиц
|
| 463 |
|
0 |
|0 (RuTPU)RU\TPU\book\204798
|t Доклады второй научной конференции кафедр общественных наук
|f Томский политехнический институт (ТПИ) ; отв. ред. И. Т. Белимов ; под ред. Ю. С. Нехорошева и А. Н. Книгина
|v С. 48-51
|d 1959
|p 114 с.
|
| 610 |
1 |
|
|a история
|
| 610 |
1 |
|
|a труды учёных ТПУ
|
| 700 |
|
1 |
|a Лившиц
|b И. Ф.
|
| 801 |
|
0 |
|a RU
|b 63413507
|c 20011210
|g PSBO
|
| 801 |
|
2 |
|a RU
|b 63413507
|c 20101210
|g PSBO
|
| 942 |
|
|
|c BK
|